header

Serial crime (Record no. 140040)

MARC details
000 -LEADER
fixed length control field 01985nam a2200385 a 4500
082 04 - DEWEY DECIMAL CLASSIFICATION NUMBER
Classification number 364.3
245 00 - TITLE STATEMENT
Title Serial crime
260 ## - PUBLICATION, DISTRIBUTION, ETC. (IMPRINT)
Place of publication Burlington, MA :
Name of publisher Academic Press/Elsevier,
Year of publication [2005], c2006.
300 ## - PHYSICAL DESCRIPTION
Number of Pages xxiv, 256 p. :
Other physical details ill.
505 0# - FORMATTED CONTENTS NOTE
Formatted contents note Criminal profiling : a continuing history -- The nature of induction and deduction in criminal profiling -- Criminal profiling methods -- The fallacy of accuracy in criminal profiling -- Criminal profiling as expert evidence -- Where to from here? -- Criminal profilers and the media : profiling the Beltway snipers -- Serial stalking : looking for love in all the wrong places? -- Serial rape : an investigative approach -- Serial murder : a biopsychosocial approach -- Serial arson.
650 #0 - SUBJECT ADDED ENTRY--TOPICAL TERM
Topical Term Criminal behavior, Prediction of.
Topical Term Criminal investigation
Topical Term Recidivism.
Topical Term Serial murder investigation.
Topical Term Stalking.
Topical Term Serial rape investigation.
Topical Term Arson investigation.
700 1# - ADDED ENTRY--PERSONAL NAME
Personal name Petherick, Wayne.
856 40 - ELECTRONIC LOCATION AND ACCESS
Uniform Resource Identifier http://site.ebrary.com/lib/rucke/Doc?id=10177016

No items available.

© 2026 Rongo University
Contact us: librarian | system librarian | Rongo university